000 00276nam a22000977a 4500
999 _c530025
_d530025
082 _a625.7250973
_bAAS
100 _aAASHTO.
245 _aA Policy on Geometric Design of Highways and Streets (2011) /
942 _2ddc
_cBK